| 000 | 00358 a2200121 4500 | ||
|---|---|---|---|
| 001 | ART_17811 | ||
| 005 | 20260410161700.0 | ||
| 008 | 260409a | ||
| 245 | 1 | 0 | _aEstabilización económica controles de precios |
| 100 | 1 | _aFernández, Roque B. | |
| 700 | 1 | _aMantel, Rolf R. | |
| 773 | 0 |
_tEnsayos Económicos _g- Nº 36 (dic. 1985) _wREV620 |
|
| 999 |
_c15114 _d15114 |
||